Medián? Priemer? Alebo korektná analýza problému?
Uvoľňovanie opatrení prijatých v boji proti pandémii koronavírusu (COVID-19) na Slovensku a tzv. kĺzavý medián z denného počtu nových nakazených za uplynulý týždeň. Uvedený názor autora, že sledovanie mediánových hodnôt počtu pozitívne testovaných korektne nereflektuje reálnu rizikovosť vývoja pand...
Salvato in:
| Autore principale: | |
|---|---|
| Natura: | Capitolo di libro |
| Lingua: | slovacco |
| Soggetti: | |
| Tags: |
Nessun Tag, puoi essere il primo ad aggiungerne!!
|
MARC
| LEADER | 00000naa a2200000 4500 | ||
|---|---|---|---|
| 001 | 0269573 | ||
| 005 | 20201027175330.5 | ||
| 041 | 0 | |a slo | |
| 044 | |a SK | ||
| 245 | 1 | 0 | |a Medián? Priemer? Alebo korektná analýza problému? |c Mikuláš Cár |
| 520 | |a Uvoľňovanie opatrení prijatých v boji proti pandémii koronavírusu (COVID-19) na Slovensku a tzv. kĺzavý medián z denného počtu nových nakazených za uplynulý týždeň. Uvedený názor autora, že sledovanie mediánových hodnôt počtu pozitívne testovaných korektne nereflektuje reálnu rizikovosť vývoja pandémie. | ||
| 610 | 2 | 0 | |a testy |
| 610 | 2 | 0 | |a vírusy |
| 610 | 2 | 0 | |a Slovensko |
| 610 | 2 | 0 | |a opatrenia |
| 100 | 1 | |a Cár, Mikuláš | |